|
|
|
|
| LEADER |
01447nam a2200325 a 4500 |
| 001 |
16348 |
| 003 |
BD-DhAAL |
| 008 |
090621s2002 nyua b 001 0 eng d |
| 999 |
|
|
|c 7868
|d 7868
|
| 010 |
|
|
|a \\2001037542
|
| 020 |
|
|
|a 0521808677 (hardback)
|
| 020 |
|
|
|a 0521004713 (pbk.)
|
| 020 |
|
|
|a 8175961015
|
| 040 |
|
|
|a DLC
|c DLC
|d DLC
|
| 082 |
0 |
0 |
|a 575.1
|2 21
|
| 100 |
1 |
|
|a Nicholl, Desmond S. T.
|9 44817
|
| 245 |
1 |
3 |
|a An introduction to genetic engineering /
|c Desmond S.T. Nicholl.
|
| 250 |
|
|
|a 2nd ed.
|
| 260 |
|
|
|a New York :
|b Cambridge University Press,
|c 2002.
|
| 300 |
|
|
|a xii, 292 p. :
|b ill. ;
|c 24 cm.
|
| 500 |
|
|
|a Previous edition published in series: Studies in biology.
|
| 504 |
|
|
|a Includes bibliographical references and index.
|
| 541 |
1 |
|
|e 00016348
|
| 650 |
|
0 |
|a Genetic engineering.
|9 44818
|
| 650 |
|
0 |
|a Pharmacy.
|9 44819
|
| 852 |
4 |
|
|a Ayesha Abed Library
|c General Stacks
|
| 942 |
0 |
0 |
|0 2
|2 ddc
|c BK
|
| 952 |
|
|
|0 0
|1 0
|2 ddc
|4 0
|6 575_100000000000000_NIC_2002
|7 0
|9 8798
|a BRACUL
|b BRACUL
|c GEN
|d 2010-03-25
|l 32
|m 174
|o 575.1 NIC
|p 3010016348
|q 2026-06-02
|r 2026-01-07
|s 2026-01-07
|t 1
|w 2010-03-25
|y BK
|
| 952 |
|
|
|0 0
|1 0
|2 ddc
|4 0
|6 575_100000000000000_NIC_2002
|7 0
|9 9138
|a BRACUL
|b BRACUL
|c GEN
|d 2010-04-11
|l 35
|m 180
|o 575.1 NIC
|p 3010016346
|r 2025-07-28
|s 2025-04-15
|t 2
|w 2010-04-11
|y BK
|
| 952 |
|
|
|0 0
|1 0
|2 ddc
|4 0
|6 575_100000000000000_NIC_2002
|7 0
|9 12922
|a BRACUL
|b BRACUL
|c GEN
|d 2010-10-31
|l 38
|m 197
|o 575.1 NIC
|p 3010016347
|r 2025-08-13
|s 2025-05-04
|t 3
|w 2010-10-31
|y BK
|